000 01776cas a2200469 i 4500
001 data
006 data
007 data
008 data
005 20260322212120.0
010 _a 2015200398
022 0 _a2379-1500
_21
035 _a(OCoLC)908865030
037 _b42783 Macauley Place, Ashburn, VA 20148
040 _aDLC
_erda
_cDLC
_beng
_dOCLCL
_dOCLCO
_dOCLCF
_dOCLCO
_dBWN
_dOCLCL
042 _ansdp
_ansdp
050 0 0 _aQA75.5
082 1 0 _a004
_223
_1https://id.oclc.org/worldcat/ddc/E3crFxr84MQkDt9mHBYTvbkPCB
210 0 _aBiohouse j. comput. sci.
222 0 _aBiohouse journal of computer science
245 0 0 _aBiohouse journal of computer science.
246 1 _aBJCS
264 1 _aAshburn, VA :
_bBiohouse Publishing Group Inc.,
_c2015-
310 _aBimonthly
336 _atext
_btxt
_2rdacontent
337 _acomputer
_bc
_2rdamedia
338 _aonline resource
_bcr
_2rdacarrier
362 1 _aBegan with: Volume 1, issue 1 (May/June 2015).
588 _aDescription based on: Volume 1, issue 1 (May/June 2015); title from caption (biohouse.us website, viewed Feb. 2, 2016).
588 _aLatest issue consulted: Volume 2, issue 1 (Jan./Feb. 2016) (viewed Feb. 2, 2016).
650 0 _aComputer science
_vPeriodicals.
650 7 _aComputer science.
_2fast
_0(OCoLC)fst00872451
653 _aComputer Science
655 7 _aPeriodicals.
_2fast
_0(OCoLC)fst01411641
710 2 _aBiohouse Publishing Group Inc.
859 4 0 _uhttp://biohouse.us/computers.aspx
906 _a7
_bcbc
_cserorig
_d2
_encip
_f20
_gn-oclcserc
925 0 _aAcquire
_xpolicy default, kg 2015-07-31
955 _jxf02 2015-05-13
_nxf14 2016-02-02
963 _a[email protected]
999 _c1824
_d1824